| 000 | 00688nam a2200205 a 4500 | ||
|---|---|---|---|
| 001 | 000031543 | ||
| 003 | DO-SdBNP | ||
| 005 | 20180417074828.0 | ||
| 007 | 000031543 | ||
| 008 | 110627s2008 dr a 000 0 spa d | ||
| 040 |
_aBPMET _bspa _cBPMET |
||
| 245 | 0 | 3 |
_aLa historia de los impuestos. : _bhistoria educativa para colorear / |
| 260 |
_aSanto Domingo : _bDirección General de Impuestos Internos. |
||
| 300 |
_a10 p. : _bil. ; _c28 cm. |
||
| 500 | _aHistoria educativa para colorear | ||
| 710 | 2 | _aDirección General de Impuestos Internos (República Dominicana) | |
| 942 |
_2ddc _cBK |
||
| 945 | _aRemanejado para la BNPHU / 2018 VM | ||
| 956 |
_aVMATEO _b10 _c20150908 _lBPMSU _h0069 |
||
| 999 |
_c7367 _d7367 |
||